Statistics for Complete Discography #34 - Grimes

Click here to take the quiz!

General Stats

  • This quiz has been taken 5 times
  • The average score is 25 of 111

Answer Stats

AlbumSong% Correct
VisionsGenesis
100%
VisionsOblivion
100%
Art AngelsPin
100%
Art AngelsRealiti
80%
Miss AnthropoceneSo Heavy I Fell Through The Earth
80%
Art AngelsVenus Fly
80%
Miss AnthropoceneWe Appreciate Power
80%
Art AngelsArtangels
60%
Geidi PrimesAvi
60%
Art AngelsBelly Of The Beat
60%
Art AngelsButterfly
60%
Art AngelsCalifornia
60%
DarkbloomCrystal Ball
60%
Geidi PrimesFeyd Rautha Dark Heart
60%
Art AngelsFlesh Without Blood
60%
Art AngelsKill V. Maim
60%
VisionsNightmusic
60%
DarkbloomVanessa
60%
Miss AnthropoceneViolence
60%
HalfaxaWorld Princess
60%
Miss AnthropoceneYou'll Miss Me When I'm Not Around
60%
VisionsBe A Body
40%
Geidi PrimesCaladan
40%
VisionsEight
40%
Miss AnthropoceneIdoru
40%
VisionsInfinite Love Without Fulfillment
40%
HalfaxaIntro / Flowers
40%
Book 1*I Wanna Be Software
40%
Art AngelsLaughing And Not Being Normal
40%
Book 1*Player Of Games
40%
Geidi PrimesRosa
40%
Art AngelsScream
40%
Book 1*Shinigami Eyes
40%
VisionsSkin
40%
VisionsVowels Equals Space And Time
40%
SingleWelcome To The Opera
40%
Art AngelsWorld Princess, Pt. II
40%
Miss Anthropocene4AM
20%
VisionsAngel
20%
Geidi PrimesBeast Infection
20%
VisionsChristmas Song
20%
VisionsCircumambient
20%
VisionsColour Of Moonlight (Antiochus)
20%
Miss AnthropoceneDelete Forever
20%
...Cyberpunks...Delicate Weapon
20%
HalfaxaDevon
20%
HalfaxaDream Fortress
20%
Art AngelsEasily
20%
HalfaxaFavriel
20%
Geidi PrimesGrisgris
20%
VisionsKnow The Way
20%
Art AngelsLife In The Vivid Dream
20%
Miss AnthropoceneMy Name Is Dark
20%
HalfaxaOmega
20%
HalfaxaOuter
20%
SinglePretty Dark
20%
HalfaxaRiver
20%
VisionsSymphonia IX (My Wait Is U)
20%
DarkbloomUrban Twilight
20%
...Cyberpunks...Adieu
0%
SingleAerythe
0%
...Cyberpunks...After All
0%
SingleAI Lullabu
0%
VisionsAmbrosia
0%
SingleAnhedonia
0%
Miss AnthropoceneBefore The Fever
0%
SingleBehaviour
0%
...Cyberpunks...Blitzkrieg Bop
0%
...Cyberpunks...Claire De Lune
0%
...Cyberpunks...Cyberpunk Swan Lake
0%
Miss AnthropoceneDarkseid
0%
...Cyberpunks...Death By Techno
0%
HalfaxaDragvandil
0%
SingleEmancipated Reality Vixen
0%
Single [w/ Bleachers]Entropy
0%
Geidi PrimesGambang
0%
SingleGloam
0%
Art AngelsGo
0%
HalfaxaHallways
0%
SingleHam Mer Maid
0%
HalfaxaHeartbeats
0%
DarkbloomHedra
0%
VisionsLife After Death
0%
...Cyberpunks...Little Death
0%
...Cyberpunks...Low
0%
SingleMars Theme
0%
SingleMedieval Warfare
0%
SingleMessenger Fin
0%
HalfaxaMy Sister Says The Saddest Things
0%
Miss AnthropoceneNew Gods
0%
...Cyberpunks...Night Citê Nocturne
0%
SingeNothing Lasts Forever
0%
DarkbloomOrphia
0%
SinglePrincessa
0%
HalfaxaRasik
0%
HalfaxaSagrad Прекрасный
0%
Geidi PrimesSarduakar Levenbrech
0%
Geidi PrimesShadout Mapes
0%
VisionsSong For Ric
0%
HalfaxaSwan Song
0%
SingleThe Crazy Doctor
0%
SingleThe Eye
0%
SingleTrevor
0%
...Cyberpunks...Trying Not To Die
0%
...Cyberpunks...Una
0%
Geidi PrimesVenys In Fleurs
0%
VisionsVisiting Statue
0%
HalfaxaWeregild
0%
SingleWhoknoidontno
0%
SingleWorld Brain
0%
Geidi PrimesZoal, Face Dancer
0%

Score Distribution

Percentile by Number Answered

Percent of People with Each Score

Your Score History

You have not taken this quiz